Normal view
MARC view
Entry Topical Term
001 - CONTROL NUMBER
- control field: 464
003 - CONTROL NUMBER IDENTIFIER
- control field: BD-RjUL
005 - DATE AND TIME OF LATEST TRANSACTION
- control field: 20220103115144.0
008 - FIXED-LENGTH DATA ELEMENTS
- fixed length control field: 220103|| aca||aabn | a|a d
040 ## - CATALOGING SOURCE
- Original cataloging agency: BD-RjUL
- Transcribing agency: BD-RjUL
150 ## - HEADING--TOPICAL TERM
- Topical term or geographic name entry element: Political research and essays
670 ## - SOURCE DATA FOUND
- Source citation: Work cat.: (BD-RjUL)79106: নিউটন, জুলফিকার 165, বঙ্গবন্ধু গান্ধী লেনিন / , ২০০৯, [মুদ্রণ ২০১৯]